Návrh opatrení na zavedenie metódy 7S v chemických skrinkách v podniku IKEA Industry Slovakia s. r. o., odštepný závod Trnava
Saved in:
| Main Author: | |
|---|---|
| Other Authors: | |
| Format: | Manuscript Book |
| Language: | Slovak |
| Published: |
2019
|
| Subjects: | |
| Online Access: | http://is.stuba.sk/zp/portal_zp.pl?podrobnosti=134333 |
| Tags: |
No Tags, Be the first to tag this record!
|
MARC
| LEADER | 00000ntm a22000003a 4500 | ||
|---|---|---|---|
| 001 | stuzp71894 | ||
| 003 | SK-STU | ||
| 005 | 20190629210632.1 | ||
| 007 | ta | ||
| 008 | 150427s2015----xo-----f-mn---000-0-slo-d | ||
| 040 | |a STU |b slo | ||
| 041 | 0 | |a slo | |
| 100 | 1 | |a Pavlík, Marián |u 064000 |4 aut |U MTF Materiálovotechnologická fakulta |T MTF Ústav priemyselného inžinierstva a manažmentu |X 85464 |U M4000 |Y 84 |7 85464 | |
| 242 | 0 | 1 | |a Proposal of measures for implementing the 7S method in chemical storage cabinets in IKEA Industry Slovakia s.r.o., branch establishment Trnava |y eng |
| 245 | 1 | 0 | |a Návrh opatrení na zavedenie metódy 7S v chemických skrinkách v podniku IKEA Industry Slovakia s. r. o., odštepný závod Trnava |
| 260 | |c 2019 | ||
| 650 | 4 | |a chemické skrinky |2 slo | |
| 650 | 4 | |a bezpečnosť |2 slo | |
| 650 | 4 | |a environment |2 slo | |
| 650 | 4 | |a štíhla výroba |2 slo | |
| 650 | 4 | |a metóda 7S |2 slo | |
| 650 | 4 | |a lean manufacturing |2 eng | |
| 650 | 4 | |a 7S method |2 eng | |
| 650 | 4 | |a chemical storage cabinets |2 eng | |
| 650 | 4 | |a safety |2 eng | |
| 650 | 4 | |a environment |2 eng | |
| 700 | 1 | |a Mĺkva, Miroslava |u 064000 |k Z1 |4 ths |U MTF Materiálovotechnologická fakulta |T MTF Ústav priemyselného inžinierstva a manažmentu |X 4176 |U M4000 |Y 84 |7 A000004176 | |
| 856 | 4 | |u http://is.stuba.sk/zp/portal_zp.pl?podrobnosti=134333 | |
| 996 | |c M* BP-8563 |l MMSKP |s P |a 0 |w stuzp71894_0001 | ||